| 000 | 00367 a2200157 4500 | ||
|---|---|---|---|
| 001 | 156796 | ||
| 020 | _a9788535930825 | ||
| 040 | _cEscola São Tomás de Aquino | ||
| 100 | _aBATALHA, Martha | ||
| 240 | 1 | 0 |
_aNunca houve um castelo _lpor |
| 245 | 1 | 0 | _aNunca houve um castelo |
| 300 | _a215 p. | ||
| 362 | 0 | _a2018 | |
| 697 | _aLITERATURA BRASILEIRA | ||
| 942 | _cBK | ||
| 999 |
_c156796 _d156796 |
||